| 000 | 00348 a2200157 4500 | ||
|---|---|---|---|
| 001 | 75779 | ||
| 020 | _a9788583921257 | ||
| 040 | _cAnchieta - Colégio São Paulo | ||
| 100 | _aMuniz, Flávia. | ||
| 240 | 1 | 0 |
_aShow da natureza _lpor |
| 245 | 1 | 0 | _aShow da natureza |
| 300 | _a14 | ||
| 362 | 0 | _a2017 | |
| 650 | 4 | _aLiteratura infantil | |
| 942 | _cBK | ||
| 999 |
_c75779 _d75779 |
||